Movies Quiz

Random Movies or Actor Quiz

Liam Neeson (A-Z) Quiz Stats

 Plays Quiz Updated Jan 2, 2021

Support Sporcle.
Go Orange.
Score 0/20 Timer 04:00
2 Plays Today
Letter Movie % Correct
TTaken, Taken 2, Taken 3, Ted 2, Third Person
95.7%
SSchindler's List, Silence, Seraphim Falls, Star Wars: Episode I- The Phantom Menace, Shining Through, Satisfaction, Suspect
68.8%
GThe Grey, Gangs of New York, Gun Shy, Good Mother, Girls of Summer
54.3%
BBattleship, Battle for Incheon, Breakfast on Pluto, Batman Begins, Before and After, Big Man, Bounty, The Ballad of Buster Scruggs
47.4%
LLove Actually, Les Miserables, Lamb, The Lego Movie
42.5%
DDarkman, Dead Pool, Duet for One, The Dark Knight Rises
33.2%
CClash of the Titans, The Chronicles of Narnia, Chloe, Crossing the Line, Christina, Cold Pursuit, The Commuter, A Christmas Star
32.2%
UUnknown, Under Suspicion
29.6%
RRob Roy, Run All Night, Ruby Cairo
27.4%
AThe A-Team, After Life, A Million Ways to Die in the West
25%
Letter Movie % Correct
NThe Next Three Days, Nell, Next of Kin, Non-Stop, The Nut Job
24.1%
MMichael Collins, A Monster Calls, Mission, Mark Felt, Men in Black: International, Made in Italy
21.4%
KKhumba, Kingdom of Heaven, Kinsey, K-19: The Widowmaker, Krull
21.3%
WA Walk Among the Tombstones, Wrath of the Titans, Widows
17.6%
EEthan Frome, Entourage, Excalibur
9.7%
HThe Haunting, High Spirits, Husbands and Wives, Honest Thief
9%
OThe Other Man, Ordinary Love
4.6%
FFive Minutes of Heaven
3.9%
PThe Prophet, A Prayer for the Dying, Pilgrims Progress
2.8%
IThe Innocent
2.3%

You're not logged in!

Compare scores with friends on all Sporcle quizzes.
OR
Log In

From the Vault

Dunder Mifflin Employees

by Matt

Bears. Beets. Battlestar Galactica.
Remove Ads.
Support Sporcle.
Get the best of Sporcle when you Go Orange. This ad-free experience offers more features, more stats, and more fun while also helping to support Sporcle. Thank you for becoming a member.

Show Comments

Extras

Top Quizzes Today


Score Distribution

Your Account Isn't Verified!

In order to create a playlist on Sporcle, you need to verify the email address you used during registration. Go to your Sporcle Settings to finish the process.

Report this User

Report this user for behavior that violates our Community Guidelines.

Details: